The scramble for Africa : the white man's conquest of the Dark Continent from 1876 to 1912
Αποθηκεύτηκε σε:
| Κύριος συγγραφέας: | |
|---|---|
| Μορφή: | Βιβλίο |
| Γλώσσα: | English |
| Δημοσίευση: |
New York :
Avon Books,
1992
|
| Θέματα: | |
| Ετικέτες: |
Προσθήκη ετικέτας
Δεν υπάρχουν, Καταχωρήστε ετικέτα πρώτοι!
|
MARC
| LEADER | 00000nam a2200000 i 4500 | ||
|---|---|---|---|
| 001 | 1/4131 | ||
| 008 | 960506s1992 eng d | ||
| 020 | |a 0-380-71999-1 | ||
| 035 | |l 10015468 | ||
| 040 | |a GR-MY-UA |b gre |e aacr | ||
| 041 | 0 | |a eng | |
| 082 | 0 | |a 960.3 | |
| 100 | 1 | |a Pakenham, Thomas. | |
| 245 | 1 | 4 | |a The scramble for Africa : |b the white man's conquest of the Dark Continent from 1876 to 1912 / |c Thomas Pakenham |
| 260 | |a New York : |b Avon Books, |c 1992 | ||
| 300 | |a 738 p. |b ill. | ||
| 504 | |a Includes bibliographical references and index | ||
| 651 | 0 | |a Africa |x History |y To 1884. | |
| 651 | 0 | |a Africa |x History |y 1884-1918. | |
| 651 | 0 | |a Africa |x Colonization |x History |y 19th century. | |
| 651 | 0 | |a Africa |x Colonization |x History |y 20th century. | |
| 651 | 0 | |a Europe |x Colonies |y 19th centuryAfrica |x History. | |
| 651 | 0 | |a Europe |x Colonies |y 20th centuryAfrica |x History. | |
| 852 | |a INST |b LESVOS |e 19960506 |h 960.3 PAK |p 005100010354 |q 005100010354 |t BK |y 0 | ||
| 909 | |a Λ |b 044952 | ||